00805nam a2200241Ia 450000500170000000800460001703700110006304000080007404000080008204000080009004100080009804100080010608400080011410000850012224501030020726000090031030000100031965000240032970000940035394200070044799900210045495200880047520260430150559.0008 250103s9999 xx 000 0 eng d aTheses aCRL beng ceng 2eng aeng qCRL aMeghwal Sumitra Au.; Ranganathan Namita Gu.; Suryanarayan Neelakshi Gu.91237913 0aDepiction of Motherhood in the Works of Mahasweta Devi and Ludmila Ulitskaya: A Comparative Study c2024 a303p. aSlavonic Literature aUniversity of Delhi. Faculty of Arts. Deptt. of Slavonic & Finno- Ugrian Studies91237311 cTH c1850131d1850131 00104070aCRLbCRLd2026-04-30l0pTH0027774r2026-04-30 15:05:59w2026-04-30yTH